| 000 | 00946nam a2200217Ia 4500 | ||
|---|---|---|---|
| 008 | 0000001996 sp a 0000000000spa00 | ||
| 020 | _a8478212787 | ||
| 090 | _aPSP00 M35i | ||
| 100 | 1 | _aMintegi, Mikel | |
| 245 | 1 | 0 |
_aIñaki Cerrajeria _b: la pintura ... un instante _c/ textos Mikel Mintegi, Santiago B. Olmo ; fotografías Miguel A. Quintas |
| 300 |
_a92 p. _c/ 29 cm. |
||
| 500 | _aExposición realizada en la Sala AméricaAmarica Aretoa, en Vitoria (España)\ Con el patronazgo del maestro venezolano Jesús Rafael Soto (q.e.p.d.) \ Registro auspiciado por el IDCT. Bogotá | ||
| 600 | 0 | 0 |
_a CERRAJERIA, IñAKI, 1957/ _xTRABAJOS PICTORICOS |
| 650 | 1 | 4 | _a PINTURA ESPAÑOLA |
| 650 | 1 | 4 | _aARTE CONTEMPORANEO ESPAÑOL |
| 650 | 1 | 4 | _xCATALOGOS |
| 650 | 1 | 4 | _xEXPOSICIONES |
| 650 | 1 | 4 | _aPINTORES ESPAÑOLES |
| 700 | 1 | _aOlmo, Santiago B. \ Quintas, Miguel A. | |
| 999 |
_c3633 _d3633 |
||
| 260 |
_a[s.l.] : Museo de Bellas Artes de álava _c1996 |
||